[Event "RN-2011-0-00420"]
[Site "Lechenicher SchachServer"]
[Date "2011.11.16"]
[Round "?"]
[White "Smith, Harry"]
[Black "Mori, Roberto"]
[Result "0-1"]
[WhiteElo "662"]
[BlackElo "721"]
[PlyCount "54"]
[EventDate "2011.10.21"]

1. e4 e5 2. Nf3 Nc6 3. c3 a6 4. g3 Nf6 5. d3 h6 6. Bg2 Bc5 7. O-O d6 8. Re1 O-O
9. d4 exd4 10. cxd4 Bb6 11. b3 Bg4 12. Bb2 Re8 13. d5 Ne5 14. Bxe5 Bxf3 15.
Qxf3 Rxe5 16. Nc3 Bd4 17. Rac1 Qd7 18. h3 Rb8 19. Ne2 Bb2 20. Rc2 Ba3 21. Qc3
Bc5 22. b4 Bb6 23. Nf4 Rc8 24. Nd3 Nh5 25. a4 Rg5 26. h4 Rxg3 27. e5 Qg4 0-1

[Event "Backa Topola-ch"]
[Site "Backa Topola"]
[Date "2011.11.14"]
[Round "2"]
[White "Pacal, Mihaly"]
[Black "Komaromi, Sandor"]
[Result "1-0"]
[WhiteElo "2135"]
[BlackElo "1966"]
[PlyCount "69"]
[EventDate "2011.11.11"]
[EventType "swiss"]
[EventRounds "9"]
[EventCountry "SRB"]
[SourceTitle "CBM 145 Extra"]
[Source "ChessBase"]
[SourceDate "2012.01.03"]
[SourceVersion "1"]
[SourceVersionDate "2012.01.03"]
[SourceQuality "1"]

1. e4 e5 2. Nf3 Nc6 3. c3 a6 4. d4 exd4 5. cxd4 d5 6. exd5 Qxd5 7. Nc3 Qd8 8.
Bc4 h6 9. O-O Nf6 10. Qb3 Be6 11. Bxe6 fxe6 12. Qxe6+ Qe7 13. Qf5 Qd7 14. Re1+
Kd8 15. Qxd7+ Nxd7 16. Bf4 Bb4 17. Rad1 Nf6 18. d5 Ne7 19. d6 Ng6 20. dxc7+ Kc8
21. Bg3 Nh5 22. Ne5 Ngf4 23. Nc4 Bxc3 24. Nb6+ Kxc7 25. Nxa8+ Rxa8 26. bxc3 Kc6
27. Bxf4 Nxf4 28. g3 Nd5 29. Re6+ Kc5 30. Re5 Rd8 31. Rd4 Rd7 32. Kf1 b5 33.
Ke2 Kc6 34. Kd3 b4 35. Rexd5 1-0

[Event "HUN-chT2 Szechenyi 1112"]
[Site "Hungary"]
[Date "2011.11.13"]
[Round "3.3"]
[White "Lang, Gusztav"]
[Black "Ter, Marcell"]
[Result "0-1"]
[WhiteElo "2014"]
[BlackElo "2150"]
[PlyCount "42"]
[EventDate "2011.09.25"]
[EventType "team-tourn"]
[EventRounds "11"]
[EventCountry "HUN"]
[SourceTitle "EXT 2013"]
[Source "ChessBase"]
[SourceDate "2012.11.22"]
[SourceVersion "1"]
[SourceVersionDate "2012.11.22"]
[SourceQuality "1"]
[WhiteTeam "Sarvar"]
[BlackTeam "Zalaegerszeg"]
[WhiteTeamCountry "HUN"]
[BlackTeamCountry "HUN"]

1. e4 e5 2. Nf3 Nc6 3. c3 Nf6 4. d3 d5 5. Nbd2 Bc5 6. Be2 O-O 7. O-O Re8 8. b4
Bd6 9. a3 Ne7 10. d4 Ng6 11. exd5 Nxd5 12. Qb3 exd4 13. Nxd4 Ndf4 14. Bf3 Nh4
15. Nc4 Nxf3+ 16. Nxf3 Be6 17. a4 Bd5 18. Bxf4 Bxf4 19. Rad1 c6 20. a5 Qf6 21.
Ne1 Qe6 0-1

[Event "Mittelrhein Verbandsliga-M 1112"]
[Site "Germany"]
[Date "2011.11.13"]
[Round "3.2"]
[White "Baer, Marco"]
[Black "Van Dooren, Dirk"]
[Result "1/2-1/2"]
[WhiteElo "2078"]
[BlackElo "2283"]
[PlyCount "43"]
[EventDate "2011.09.18"]
[EventType "team-tourn"]
[EventRounds "11"]
[EventCountry "GER"]
[SourceTitle "EXT 2013"]
[Source "ChessBase"]
[SourceDate "2012.11.22"]
[SourceVersion "1"]
[SourceVersionDate "2012.11.22"]
[SourceQuality "1"]
[WhiteTeam "Bayer Leverkusen"]
[BlackTeam "Aachen Aufwaerts III"]
[WhiteTeamCountry "GER"]
[BlackTeamCountry "GER"]

1. e4 e5 2. Nf3 Nc6 3. c3 f5 4. d4 fxe4 5. Nxe5 Nxe5 6. dxe5 d5 7. exd6 Bxd6 8.
Be3 Nf6 9. Be2 O-O 10. Nd2 c6 11. Nc4 Bc7 12. Bc5 Re8 13. Nd6 Bxd6 14. Qxd6
Qxd6 15. Bxd6 Be6 16. c4 Bg4 17. h3 Bxe2 18. Kxe2 Re6 19. Rhd1 Rae8 20. Bc5 a6
21. Rd2 Kf7 22. Rad1 1/2-1/2

[Event "HUN-chT2 Barcza 1112 "]
[Site "Hungary"]
[Date "2011.11.13"]
[Round "3"]
[White "Karacsony, Zsolt"]
[Black "Nadasi, Lajos"]
[Result "1-0"]
[WhiteElo "2048"]
[BlackElo "2060"]
[PlyCount "125"]
[EventDate "2011.09.25"]
[EventType "team-tourn"]
[EventRounds "11"]
[EventCountry "HUN"]
[SourceTitle "EXT 2013"]
[Source "ChessBase"]
[SourceDate "2012.11.22"]
[SourceVersion "1"]
[SourceVersionDate "2012.11.22"]
[SourceQuality "1"]
[WhiteTeam "Sajoszentpeter"]
[BlackTeam "Debrecen Betu"]
[WhiteTeamCountry "HUN"]
[BlackTeamCountry "HUN"]

1. e4 e5 2. Nf3 Nc6 3. c3 d5 4. Qa4 Bd7 5. exd5 Nb4 6. Qb3 e4 7. Ne5 Nd3+ 8.
Bxd3 exd3 9. O-O Bd6 10. Nxd7 Qxd7 11. Qxb7 Rd8 12. Qxa7 Nf6 13. Qe3+ Kf8 14.
Qxd3 Nxd5 15. Qf3 h5 16. d4 h4 17. h3 Re8 18. c4 Nf6 19. c5 Be7 20. Be3 Rh5 21.
Nc3 c6 22. Na4 Rf5 23. Qd1 Bd8 24. b4 Bc7 25. Nb6 Qd8 26. Qc2 Rh5 27. a4 Bb8
28. Rae1 Qc7 29. f4 Rh6 30. b5 cxb5 31. axb5 Nh5 32. Nc4 Ng3 33. Rf3 Rg6 34.
Ne5 Rh6 35. b6 Qc8 36. Bf2 Kg8 37. Bxg3 hxg3 38. Rxg3 Rxb6 39. Qc4 Rf6 40. Rf3
Bxe5 41. Rxe5 Rxe5 42. fxe5 Rxf3 43. gxf3 Qxh3 44. Qd5 Qg3+ 45. Kf1 Qh3+ 46.
Ke2 Qg2+ 47. Kd3 Qf1+ 48. Kc3 Qb5 49. Qb3 Qa5+ 50. Qb4 Qa1+ 51. Kc4 Qf1+ 52.
Kd5 Qxf3+ 53. Kd6 Qa8 54. Kc7 Kh7 55. c6 Qa7+ 56. Kd6 Qa8 57. Kd7 Qa2 58. Qd6
Qb3 59. c7 Qa4+ 60. Kd8 Qa5 61. Ke8 Qa8+ 62. Qd8 Qc6+ 63. Qd7 1-0

[Event "HUN-chT2 Charousek 1112"]
[Site "Hungary"]
[Date "2011.11.13"]
[Round "3"]
[White "Szinavel, Zsolt"]
[Black "Domonkos, Daniel"]
[Result "1-0"]
[WhiteElo "2118"]
[BlackElo "2056"]
[PlyCount "27"]
[EventDate "2011.09.25"]
[EventType "team-tourn"]
[EventRounds "11"]
[EventCountry "HUN"]
[SourceTitle "EXT 2013"]
[Source "ChessBase"]
[SourceDate "2012.11.22"]
[SourceVersion "1"]
[SourceVersionDate "2012.11.22"]
[SourceQuality "1"]
[WhiteTeam "Kisber Aszar"]
[BlackTeam "Veszprem"]
[WhiteTeamCountry "HUN"]
[BlackTeamCountry "HUN"]

1. e4 e5 2. Nf3 Nc6 3. c3 Nf6 4. d4 exd4 5. e5 Qe7 6. cxd4 d6 7. Bb5 dxe5 8.
dxe5 Qb4+ 9. Nc3 Ne4 10. O-O Be7 11. Nd5 Qa5 12. Qc2 Bd7 13. Qxe4 Bd8 14. a4
1-0

[Event "HUN-chT2 Maroczy 1112"]
[Site "Hungary"]
[Date "2011.11.13"]
[Round "3"]
[White "Pacal, Mihaly"]
[Black "Bodnar, Barbara"]
[Result "1/2-1/2"]
[WhiteElo "2121"]
[BlackElo "1744"]
[PlyCount "60"]
[EventDate "2011.09.25"]
[EventType "team-tourn"]
[EventRounds "11"]
[EventCountry "HUN"]
[SourceTitle "EXT 2013"]
[Source "ChessBase"]
[SourceDate "2012.11.22"]
[SourceVersion "1"]
[SourceVersionDate "2012.11.22"]
[SourceQuality "1"]
[WhiteTeam "Roszke"]
[BlackTeam "Nyiregyhaza"]
[WhiteTeamCountry "HUN"]
[BlackTeamCountry "HUN"]

1. e4 e5 2. Nf3 Nc6 3. c3 Nf6 4. d4 exd4 5. e5 Nd5 6. Qb3 Nb6 7. cxd4 d5 8. Be3
Bf5 9. Bb5 Qd7 10. O-O Be7 11. Nbd2 O-O 12. Rfc1 Qe8 13. a3 Bd7 14. Bd3 Be6 15.
Qc2 h6 16. b4 a6 17. h3 f5 18. exf6 Bxf6 19. Re1 Qd7 20. Kh2 Be7 21. Ng1 Bd6+
22. Kh1 Ne7 23. Ndf3 Bxh3 24. gxh3 Rxf3 25. Nxf3 Qxh3+ 26. Kg1 Qxf3 27. Bf1 Qh5
28. Bg2 Rf8 29. Bc1 Nf5 30. f4 Nxd4 1/2-1/2

[Event "Maresme op 8th"]
[Site "Maresme"]
[Date "2011.11.12"]
[Round "8"]
[White "Maynat Anglas, Josep"]
[Black "Claus Armengol, David"]
[Result "1-0"]
[WhiteElo "1843"]
[BlackElo "1811"]
[PlyCount "91"]
[EventDate "2011.09.24"]
[EventType "swiss"]
[EventRounds "9"]
[EventCountry "ESP"]
[SourceTitle "EXT 2013"]
[Source "ChessBase"]
[SourceDate "2012.11.22"]
[SourceVersion "1"]
[SourceVersionDate "2012.11.22"]
[SourceQuality "1"]

1. e4 e5 2. Nf3 Nc6 3. c3 Nf6 4. Qc2 d6 5. Be2 Be7 6. O-O O-O 7. d3 Ne8 8. Be3
Kh8 9. Qd2 f5 10. Bg5 f4 11. Bxe7 Qxe7 12. d4 Qf6 13. Kh1 g5 14. dxe5 Nxe5 15.
Qd4 g4 16. Ng1 c5 17. Qd1 f3 18. gxf3 gxf3 19. Nxf3 Nxf3 20. Bxf3 Qxf3+ 21.
Qxf3 Rxf3 22. Kg2 Bh3+ 23. Kxf3 Bxf1 24. Nd2 Bb5 25. Re1 Bc6 26. Ke3 Nf6 27. f3
b5 28. Kf2 Rf8 29. h3 Nd7 30. Re3 Rf6 31. Kg3 Ne5 32. f4 Nc4 33. Nxc4 bxc4 34.
f5 Rf8 35. Kf4 Kg7 36. e5 d5 37. e6 d4 38. Re1 d3 39. Ke5 Rc8 40. Rg1+ Kh8 41.
f6 d2 42. Rd1 Bf3 43. Rxd2 Bh5 44. f7 Bg6 45. Kf6 Bxf7 46. Kxf7 1-0

[Event "82nd GK tournament"]
[Site "http://gameknot.com/chess.pl?"]
[Date "2011.11.11"]
[Round "?"]
[White "locathah"]
[Black "ludwikp"]
[Result "0-1"]
[WhiteElo "2008"]
[BlackElo "2244"]
[PlyCount "40"]
[EventDate "2011.??.??"]
[SourceTitle "OM Portal C 201906"]
[Source "Opening Master"]
[SourceDate "2019.06.27"]
[SourceVersion "1"]
[SourceVersionDate "2019.06.27"]
[SourceQuality "1"]

1. e4 e5 2. Nf3 Nc6 3. c3 d5 4. Qa4 f6 5. Bb5 Nge7 6. exd5 Qxd5 7. O-O e4 8. c4
Qh5 9. Re1 exf3 10. Bxc6+ bxc6 11. Qxc6+ Kd8 12. Qxa8 Nf5 13. Nc3 Bd6 14. h3
fxg2 15. Qd5 g5 16. d3 Nh4 17. Re3 Re8 18. f4 Bxh3 19. Rxe8+ Kxe8 20. Be3 Qg4
0-1

[Event "Budapest FS11 FM-C"]
[Site "Budapest"]
[Date "2011.11.10"]
[Round "6"]
[White "Breen, Anthony"]
[Black "Csetneki, Mark"]
[Result "1-0"]
[WhiteElo "1659"]
[BlackElo "1679"]
[PlyCount "63"]
[EventDate "2011.11.05"]
[EventType "tourn"]
[EventRounds "11"]
[EventCountry "HUN"]
[SourceTitle "EXT 2012"]
[Source "ChessBase"]
[SourceDate "2011.11.24"]
[SourceVersion "1"]
[SourceVersionDate "2011.11.24"]
[SourceQuality "1"]

1. e4 e5 2. Nf3 Nc6 3. c3 Nf6 4. d3 Bc5 5. Be2 d6 6. Qc2 O-O 7. Bg5 Be6 8. Nbd2
h6 9. Bh4 Qd7 10. b4 Bb6 11. O-O Ne7 12. Bxf6 gxf6 13. d4 Ng6 14. g3 Bh3 15.
Rfd1 Nf4 16. Nf1 Qg4 17. Ne3 Nxe2+ 18. Qxe2 Qh5 19. a4 a5 20. Nd5 Kg7 21. Nxb6
cxb6 22. b5 Bg4 23. Rd3 f5 24. exf5 e4 25. Qxe4 Bxf5 26. Qd5 Qg4 27. Re3 Rae8
28. Rae1 Re6 29. Nh4 Bd3 30. Rxe6 fxe6 31. Qxb7+ Rf7 32. Qxb6 1-0

[Event "EU-chT (Men) 18th"]
[Site "Porto Carras"]
[Date "2011.11.06"]
[Round "4.4"]
[White "Starostits, Ilmars"]
[Black "Glud, Jakob Vang"]
[Result "1-0"]
[WhiteElo "2456"]
[BlackElo "2497"]
[PlyCount "41"]
[EventDate "2011.11.03"]
[EventType "team-swiss"]
[EventRounds "9"]
[EventCountry "GRE"]
[SourceTitle "CBM 146"]
[Source "ChessBase"]
[SourceDate "2012.01.18"]
[SourceVersion "1"]
[SourceVersionDate "2012.01.18"]
[SourceQuality "1"]
[WhiteTeam "Latvia"]
[BlackTeam "Denmark"]
[WhiteTeamCountry "LAT"]
[BlackTeamCountry "DEN"]

1. e4 e5 2. Nf3 Nc6 3. c3 d5 4. Qa4 f6 5. Bb5 Nge7 6. exd5 Qxd5 7. d4 Bd7 8.
Be3 exd4 9. cxd4 Ne5 10. Nc3 Nxf3+ 11. gxf3 Qf5 12. O-O-O a6 13. d5 Bxb5 14.
Nxb5 O-O-O 15. Nxc7 Qd7 16. Qxd7+ Rxd7 17. Na8 Kb8 18. Nb6 Rd8 19. Bf4+ Ka7 20.
Bc7 Re8 21. d6 1-0

[Event "Roncana op-A 5th"]
[Site "Santa Eulalia de Roncana"]
[Date "2011.11.05"]
[Round "5"]
[White "Lopez Santana, Oscar"]
[Black "Ruiz Alba, Daniel"]
[Result "1-0"]
[WhiteElo "2173"]
[BlackElo "1770"]
[PlyCount "70"]
[EventDate "2011.10.01"]
[EventType "swiss"]
[EventRounds "8"]
[EventCountry "ESP"]
[SourceTitle "EXT 2013"]
[Source "ChessBase"]
[SourceDate "2012.11.22"]
[SourceVersion "1"]
[SourceVersionDate "2012.11.22"]
[SourceQuality "1"]

1. e4 e5 2. Nf3 Nc6 3. c3 Nf6 4. d4 exd4 5. e5 Nd5 6. Qb3 Nb6 7. cxd4 d5 8. Be3
Bb4+ 9. Nc3 Bf5 10. Bb5 Bd7 11. Rc1 O-O 12. Bd3 f6 13. O-O Bg4 14. exf6 Bxc3
15. Qxc3 Qxf6 16. Ne5 Bd7 17. Nxd7 Nxd7 18. Bb5 Ndb8 19. Qb3 Qd6 20. Bxc6 Nxc6
21. Qxb7 Na5 22. Qxc7 Qxc7 23. Rxc7 Nc4 24. b3 Nxe3 25. fxe3 a5 26. Rxf8+ Kxf8
27. Rc5 a4 28. b4 a3 29. Rxd5 Rb8 30. b5 Ke7 31. Kf2 Ra8 32. b6 Ke6 33. Rb5 Kd6
34. b7 Rb8 35. e4 Kc6 1-0

[Event "Ch (juniors) (team)"]
[Site "Xanten (Germany)"]
[Date "2011.11.03"]
[Round "7"]
[White "Kickert, Germaine Helene"]
[Black "Schmalhorst, Sophia"]
[Result "1-0"]
[WhiteElo "1998"]
[BlackElo "1879"]
[PlyCount "73"]
[EventDate "2011.??.??"]
[EventRounds "7"]
[EventCountry "GER"]
[SourceTitle "OM OTB B 201907"]
[Source "Opening Master"]
[SourceDate "2019.07.06"]
[SourceVersion "2"]
[SourceVersionDate "2019.07.06"]
[SourceQuality "1"]

1. e4 e5 2. Nf3 Nc6 3. c3 Nf6 4. d4 exd4 5. e5 Ne4 6. Qe2 Nc5 7. cxd4 Na4 8. d5
Bb4+ 9. Kd1 O-O 10. Qc2 Nb6 11. dxc6 dxc6+ 12. Bd2 Bg4 13. Kc1 Qe7 14. Bxb4
Qxb4 15. Nbd2 Rad8 16. Bd3 Rd5 17. a3 Qf4 18. Bxh7+ Kh8 19. Qe4 Rc5+ 20. Kb1
Qh6 21. Bf5 Bxf3 22. Nxf3 Rc4 23. Qd3 g6 24. Bh3 Rc5 25. e6 Rd5 26. Qc3+ Kh7
27. exf7 Rfd8 28. Ka2 Qf4 29. Be6 Rd3 30. Qc1 Qf6 31. Ng5+ Kg7 32. f4 Rd2 33.
Bb3 Re2 34. Re1 Rdd2 35. Rxe2 Rxe2 36. f8=Q+ Kxf8 37. Nh7+ 1-0

[Event "Belgrade-chT Quality"]
[Site "Belgrade"]
[Date "2011.10.30"]
[Round "6"]
[White "Vujicic, Mirko"]
[Black "Kokanovic, Radenko"]
[Result "1-0"]
[WhiteElo "2299"]
[BlackElo "2317"]
[PlyCount "75"]
[EventDate "2011.10.15"]
[EventType "team-swiss"]
[EventRounds "11"]
[EventCountry "SRB"]
[SourceTitle "EXT 2012"]
[Source "ChessBase"]
[SourceDate "2011.11.24"]
[SourceVersion "1"]
[SourceVersionDate "2011.11.24"]
[SourceQuality "1"]

1. e4 e5 2. Nf3 Nc6 3. c3 d6 4. d4 Bg4 5. Be2 Nf6 6. O-O Be7 7. Be3 O-O 8. Nbd2
a6 9. h3 Bh5 10. dxe5 Nxe5 11. Nxe5 Bxe2 12. Nxf7 Bxd1 13. Nxd8 Bxd8 14. Raxd1
Re8 15. f3 d5 16. Bf4 dxe4 17. Nxe4 Nxe4 18. fxe4 Rxe4 19. Rd7 Rc8 20. Bg3 Re7
21. Rfd1 Rxd7 22. Rxd7 b5 23. Be5 Bf6 24. Rxc7 Rd8 25. Bxf6 gxf6 26. Rc6 Kg7
27. Rxa6 Rd2 28. b3 Rc2 29. Ra5 Rxc3 30. Rxb5 Kg6 31. a4 f5 32. Kf2 h5 33. h4
f4 34. a5 Kf6 35. b4 Ra3 36. Rxh5 Kg6 37. Rb5 Kh6 38. Rf5 1-0

[Event "HUN-chT2 Erkel 1112"]
[Site "Hungary"]
[Date "2011.10.30"]
[Round "2.4"]
[White "Csapo, Zoltan"]
[Black "Rozgonyi, Aron"]
[Result "0-1"]
[WhiteElo "2113"]
[BlackElo "2163"]
[PlyCount "58"]
[EventDate "2011.09.25"]
[EventType "team-tourn"]
[EventRounds "11"]
[EventCountry "HUN"]
[SourceTitle "EXT 2013"]
[Source "ChessBase"]
[SourceDate "2012.11.22"]
[SourceVersion "1"]
[SourceVersionDate "2012.11.22"]
[SourceQuality "1"]
[WhiteTeam "Vizugy"]
[BlackTeam "Dunaharaszti"]
[WhiteTeamCountry "HUN"]
[BlackTeamCountry "HUN"]

1. e4 e5 2. Nf3 Nc6 3. c3 d5 4. Bb5 dxe4 5. Nxe5 Qd5 6. Qa4 Nge7 7. f4 exf3 8.
Nxf3 a6 9. Bc4 Qh5 10. Na3 Bd7 11. Be2 Ng6 12. d4 Bd6 13. Be3 O-O 14. Qc2 Bf5
15. Qd2 Qg4 16. Nc4 Bf4 17. O-O-O Rfe8 18. Nfe5 Qg5 19. h4 Qh6 20. g4 Ncxe5 21.
dxe5 Rxe5 22. Bxf4 Nxf4 23. Bf1 Re2 24. gxf5 Rxd2 25. Rxd2 Re8 26. Ne3 Qc6 27.
Ng2 Qf3 28. Bc4 Ne2+ 29. Bxe2 Qxg2 0-1

[Event "HUN-chT2 Maroczy 1112"]
[Site "Hungary"]
[Date "2011.10.30"]
[Round "2"]
[White "Pal, Mihaly"]
[Black "Linczer, Janos"]
[Result "0-1"]
[WhiteElo "2028"]
[BlackElo "2178"]
[PlyCount "62"]
[EventDate "2011.09.25"]
[EventType "team-tourn"]
[EventRounds "11"]
[EventCountry "HUN"]
[SourceTitle "EXT 2013"]
[Source "ChessBase"]
[SourceDate "2012.11.22"]
[SourceVersion "1"]
[SourceVersionDate "2012.11.22"]
[SourceQuality "1"]
[WhiteTeam "Tabani Spartacus"]
[BlackTeam "Maroczy"]
[WhiteTeamCountry "HUN"]
[BlackTeamCountry "HUN"]

1. e4 e5 2. Nf3 Nc6 3. c3 d6 4. d4 Bg4 5. d5 Nb8 6. h3 Bh5 7. Be2 Bg6 8. Bg5
Be7 9. Bxe7 Qxe7 10. Nbd2 Nf6 11. Nh4 O-O 12. Nxg6 hxg6 13. O-O Nbd7 14. b4 Nh7
15. c4 f5 16. f3 f4 17. Nb3 Ng5 18. Kh2 Kf7 19. Rg1 Rh8 20. Bf1 Nf6 21. c5 Nh5
22. cxd6 cxd6 23. Rc1 Rac8 24. Rxc8 Rxc8 25. Bd3 Ng3 26. Qa1 Qd7 27. Nc5 dxc5
28. Qxe5 Qxh3+ 29. gxh3 Nxf3+ 30. Kg2 Nxe5 31. Bb1 c4 0-1

[Event "ZN-2011-0-01742"]
[Site "Lechenicher SchachServer"]
[Date "2011.10.29"]
[Round "?"]
[White "Newton, Daryl"]
[Black "Talbot, Olivier"]
[Result "0-1"]
[WhiteElo "646"]
[BlackElo "1049"]
[PlyCount "104"]
[EventDate "2011.10.25"]

1. e4 e5 2. Nf3 Nc6 3. c3 d6 4. d4 a6 5. Bc4 h6 6. h4 g6 7. h5 Qf6 8. hxg6 Qxg6
9. Nh4 Qf6 10. Nf5 Bxf5 11. exf5 Qxf5 12. Bd3 Qf6 13. Be3 exd4 14. cxd4 Qe6 15.
Nd2 Nxd4 16. Kf1 Nc6 17. Qc2 Nge7 18. Nf3 Bg7 19. Bc4 d5 20. Bd3 O-O-O 21. a4
Nb4 22. Qd2 Nxd3 23. Qxd3 Bxb2 24. Rb1 Bg7 25. Qb3 b6 26. Qd3 Kb7 27. Rh4 Nf5
28. Rhb4 Nxe3+ 29. fxe3 Rd6 30. Nd4 Qf6+ 31. Kg1 Qg5 32. R1b2 Bxd4 33. Qxd4 Re8
34. R2b3 a5 35. Rb5 Qe5 36. Qc5 Qa1+ 37. Kh2 Qxa4 38. Rb2 Qh4+ 39. Kg1 Qe1+ 40.
Kh2 Qh4+ 41. Kg1 Qg3 42. Rxa5 Rxe3 43. Ra1 Re1+ 44. Rxe1 Qxe1+ 45. Kh2 Qe5+ 46.
Kg1 Qxb2 47. Qe3 Qa1+ 48. Kh2 Re6 49. Qf3 Qe5+ 50. Kg1 Qe3+ 51. Kh2 Qxf3 52.
gxf3 d4 0-1

[Event "180m, rated"]
[Site "Engine Room"]
[Date "2011.10.28"]
[Round "?"]
[White "KingOfJungle, Deep Junior 12.5.0."]
[Black "Johnnyenglish, Naum 4.1"]
[Result "1/2-1/2"]
[WhiteElo "2430"]
[BlackElo "2470"]
[PlyCount "194"]
[EventDate "2011.12.08"]
[SourceTitle "OM Portal C 201906"]
[Source "Opening Master"]
[SourceDate "2019.06.27"]
[SourceVersion "1"]
[SourceVersionDate "2019.06.27"]
[SourceQuality "1"]

1. e4 e5 2. Nf3 Nc6 3. c3 Nf6 4. d4 Nxe4 5. d5 Ne7 6. Nxe5 Ng6 7. Qe2 Qe7 8.
Qxe4 Qxe5 9. Qxe5+ Nxe5 10. Bf4 Bd6 11. Nd2 O-O 12. g3 b6 13. Bxe5 Bxe5 14.
O-O-O Bb7 15. Nc4 Bf6 16. Bh3 Rad8 17. Rhe1 d6 18. Ne3 Rfe8 19. Bf1 a6 20. Kc2
g6 21. h4 Kg7 22. Bd3 Re7 23. a4 Rde8 24. Kd2 Kf8 25. Bc4 Bc8 26. f4 h5 27. Ra1
Kg7 28. Nc2 Rxe1 29. Nxe1 Kf8 30. Nc2 a5 31. Bb5 Re4 32. Ne3 Bg7 33. Re1 Bb7
34. Rd1 Kg8 35. Ke2 Re7 36. Kd3 Kf8 37. Rf1 Bf6 38. Rb1 Bg7 39. Rd1 Kg8 40. Ra1
Bf6 41. Rh1 Bc8 42. Rh2 Bg7 43. Re2 Bh8 44. Kd2 Bb7 45. Kd1 Re4 46. Ke1 f5 47.
Kf2 Bf6 48. Rd2 Kf7 49. Rd3 Ke7 50. Nc4 Kd8 51. Nd2 Re7 52. Kf1 Ba8 53. Ba6 Re8
54. Kf2 Re7 55. Nc4 Re4 56. b3 Bg7 57. Ne3 Ke7 58. Kf3 Kf7 59. Ke2 Bf6 60. Kf2
Kg7 61. Bb5 Bb7 62. Nc2 Bc8 63. Ne1 Kf8 64. Nf3 Re7 65. Nd2 Bd7 66. Bxd7 Rxd7
67. Nb1 Re7 68. Na3 Ke8 69. Nb5 Kd7 70. Na7 Ke8 71. c4 Kf7 72. Nb5 Ke8 73. Re3
Rxe3 74. Kxe3 Kd7 75. Kd3 c6 76. Na7 cxd5 77. cxd5 Bb2 78. Nb5 Bc1 79. Ke2 Ke7
80. Kf2 Kd7 81. Kf3 Bd2 82. Ke2 Bb4 83. Nd4 Ba3 84. Ne6 Bb4 85. Kf3 Bc5 86. Kg2
Ke7 87. Kf1 Kd7 88. Nf8+ Ke7 89. Nh7 Be3 90. Ke1 Kd7 91. Nf8+ Ke8 92. Ne6 Ke7
93. Ke2 Bc1 94. Nd4 Ba3 95. Nb5 Bc1 96. Kd3 Kd7 97. Ke2 Ke7 1/2-1/2

[Event "FICGS__CHESS__RAPID_E__000065"]
[Site "FICGS"]
[Date "2011.10.24"]
[Round "1"]
[White "Melquiades, Jay"]
[Black "Jefferis, Des"]
[Result "0-1"]
[WhiteElo "962"]
[BlackElo "1200"]
[PlyCount "48"]
[EventDate "2011.??.??"]
[EventType "rapid"]

1. e4 e5 2. Nf3 Nc6 3. c3 Nf6 4. d3 Bc5 5. Be3 Bb6 6. d4 exd4 7. cxd4 Nxe4 8.
Ne5 Nxe5 9. dxe5 Bxe3 10. fxe3 Qe7 11. Qg4 Qb4+ 12. Nc3 d5 13. Qe2 Nxc3 14.
bxc3 Qxc3+ 15. Kf2 Qxa1 16. Kg3 Qxe5+ 17. Kf2 O-O 18. Qd1 Re8 19. Bb5 Qxe3+ 20.
Kf1 c6 21. Be2 Bf5 22. Ke1 Bg4 23. Rf1 Qxe2+ 24. Qxe2 Rxe2+ 0-1

[Event "Le Touquet op 26th"]
[Site "Le Touquet"]
[Date "2011.10.23"]
[Round "2"]
[White "De Bonnieres, Philippe"]
[Black "Pruvot, Louis"]
[Result "0-1"]
[WhiteElo "1990"]
[BlackElo "2072"]
[PlyCount "72"]
[EventDate "2011.10.22"]
[EventType "swiss"]
[EventRounds "9"]
[EventCountry "FRA"]
[SourceTitle "EXT 2012"]
[Source "ChessBase"]
[SourceDate "2011.11.24"]
[SourceVersion "1"]
[SourceVersionDate "2011.11.24"]
[SourceQuality "1"]

1. e4 e5 2. Nf3 Nc6 3. c3 d5 4. Qa4 Nf6 5. Nxe5 Bd6 6. Nxc6 bxc6 7. d4 dxe4 8.
Bg5 O-O 9. Be2 Bd7 10. Qc2 Re8 11. Nd2 h6 12. Bxf6 Qxf6 13. Nc4 Qg5 14. Nxd6
cxd6 15. g3 Bh3 16. Bf1 Bf5 17. h4 Qf6 18. Bh3 Bxh3 19. Rxh3 e3 20. f4 Re7 21.
Qe2 Rae8 22. Kf1 Re4 23. Kg2 c5 24. d5 Qf5 25. Rd1 Ra4 26. b3 Qe4+ 27. Kg1 Ra3
28. Rh2 c4 29. Rd4 Qb1+ 30. Rd1 Qg6 31. Qxc4 Qxg3+ 32. Rg2 Qxh4 33. Qb5 Re7 34.
Qb8+ Kh7 35. Qxd6 e2 36. Rxe2 Rxe2 0-1

[Event "Fast Ladder"]
[Site "http://gameknot.com/chess.pl?"]
[Date "2011.10.23"]
[Round "?"]
[White "Oregonchessguy"]
[Black "Yzerman99"]
[Result "0-1"]
[WhiteElo "2149"]
[BlackElo "2280"]
[PlyCount "90"]
[EventDate "2011.??.??"]
[SourceTitle "OM Portal C 201906"]
[Source "Opening Master"]
[SourceDate "2019.06.27"]
[SourceVersion "1"]
[SourceVersionDate "2019.06.27"]
[SourceQuality "1"]

1. e4 e5 2. Nf3 Nc6 3. c3 d5 4. Qa4 Nf6 5. Nxe5 Bd6 6. Nxc6 bxc6 7. d3 O-O 8.
Be2 Re8 9. Nd2 Bd7 10. Qc2 Qe7 11. O-O dxe4 12. dxe4 Nxe4 13. Nxe4 Qxe4 14.
Qxe4 Rxe4 15. Bf3 Re7 16. Be3 a5 17. Rad1 Rb8 18. Rd2 h6 19. h4 c5 20. g3 a4
21. Kg2 Rb6 22. Bd5 Re5 23. Rfd1 Rxd5 24. Rxd5 Bc6 25. Bc1 a3 26. b3 c4 27.
bxc4 Rb1 28. Kf3 Bxd5+ 29. cxd5 Ra1 30. Ke4 h5 31. c4 f6 32. Rg1 Kf7 33. Kd3 g5
34. Re1 Bb4 35. Rf1 Bc5 36. Bxa3 Rxf1 37. Bxc5 gxh4 38. gxh4 Rh1 39. a4 Rxh4
40. a5 Rh1 41. Be3 Rd1+ 42. Kc3 Ke7 43. Kb2 Kd7 44. a6 Kc8 45. a7 Kb7 0-1

[Event "SWE-chT2 1112"]
[Site "Sweden"]
[Date "2011.10.22"]
[Round "1"]
[White "Soderberg, Per"]
[Black "Svensk, Ingemar"]
[Result "1/2-1/2"]
[WhiteElo "2204"]
[BlackElo "2242"]
[PlyCount "54"]
[EventDate "2011.10.22"]
[EventType "team-tourn"]
[EventRounds "9"]
[EventCountry "SWE"]
[SourceTitle "EXT 2013"]
[Source "ChessBase"]
[SourceDate "2012.11.22"]
[SourceVersion "1"]
[SourceVersionDate "2012.11.22"]
[SourceQuality "1"]
[WhiteTeam "Wasa"]
[BlackTeam "Farsta"]
[WhiteTeamCountry "SWE"]
[BlackTeamCountry "SWE"]

1. e4 e5 2. Nf3 Nc6 3. c3 Nf6 4. d4 Nxe4 5. d5 Ne7 6. Nxe5 Ng6 7. Qf3 Nf6 8.
Nxg6 hxg6 9. Be3 c6 10. Bc4 Bd6 11. Nd2 Qa5 12. Ne4 Be5 13. Bf4 cxd5 14. Nd6+
Bxd6 15. Bxd6 Kd8 16. Bb4 Re8+ 17. Kd2 Qc7 18. Bxd5 a5 19. Bxf7 axb4 20. Bxe8
bxc3+ 21. bxc3 Kxe8 22. Rhe1+ Kd8 23. Qe3 Qd6+ 24. Kc2 Qe6 25. Qc5 Rxa2+ 26.
Rxa2 Qxa2+ 27. Kc1 Qa1+ 1/2-1/2